| 000 | 00785cam a2200229 a 4500 | ||
|---|---|---|---|
| 001 | 000010776 | ||
| 005 | 20200929162306.0 | ||
| 008 | 800508s1978 ve a b 000 j spa d | ||
| 035 | _a(DLC) 80107113 | ||
| 040 |
_aDO-SdBNP _bspa _cBNPHU _dDLC |
||
| 082 |
_aV863.4 _bC965m |
||
| 100 | 1 |
_aBoglár, Luis _926010 |
|
| 245 | 1 | 0 |
_aCuentos y mitos de los piaroa / _cLuis Boglár. |
| 260 |
_aCaracas : _bUniversidad Católica Andrés Bello ; _bInstituto de Investigaciones Históricas ; _bCentro de Lenguas Indígenas, _c1978. |
||
| 300 |
_a95 p. : _bil. ; _c23 cm. |
||
| 504 | _aBibliografías: p. 93-95. | ||
| 650 | 4 |
_aCuentos venezolanos _93815 |
|
| 650 | 4 |
_aLiteratura venezolana _93816 |
|
| 650 | 4 |
_aPiaroas (venezuela) _926011 |
|
| 910 | _aCatalogación por copia / LC | ||
| 049 | _aBNGR | ||
| 999 |
_c10528 _d10528 |
||